| 000 | 00947nam a22002537a 4500 | ||
|---|---|---|---|
| 005 | 20250328140102.0 | ||
| 008 | 250328b |||||||| |||| 00| 0 eng d | ||
| 020 | _a978-93-6080-641-3 (hbk) | ||
| 037 | _cTB | ||
| 040 |
_aCRL _cCRL |
||
| 041 |
_2eng _aeng |
||
| 084 |
_aQ23:23 R4 _qCRL |
||
| 245 |
_aSaivism and the tantric traditions: _bEssays in honour of Alexis in G.J.S Sanderson |
||
| 260 |
_aNew Delhi, India: _bManohar, _c2024 |
||
| 300 | _axxxiv, 598p. | ||
| 365 |
_b2995.00 _cINR |
||
| 650 | _aReligion | ||
| 700 |
_aGoodall, Dominic (Editor) _9751590 |
||
| 700 |
_aHatley, Shaman (Editor) _9751591 |
||
| 700 |
_aIsaacson, Harunaga (Editor) _9751592 |
||
| 700 |
_aRaman, Srilata (Editor) _9751593 |
||
| 942 |
_2CC _cTB _hQ23:23 R4 _n0 |
||
| 999 |
_c1308262 _d1308262 |
||